=LDR 00000nam 2200000 4500 =001 INLIS000000000014060 =005 20130612105350 =008 ***********************************Ind. Jerman** =035 ##$$0010-061300000014060 =041 ##$$a Ind. Jerman =082 ##$$a R.433.1 =090 ##$$a R.433.1, Rah k =100 ##$$a Rahajukusumah, Datje =245 ##$$a Kamus lengkap Jerman-Indonesia, Indonesia-Jerman, Datje Rahajoekoesoemah =260 ##$$a 1984 $b Jakarta =300 ##$$a ix, 902 hlm, 24 cm =650 ##$$a Bahasa - Kamus =850 ##$$a NBPNMAT